| 000 | 00666cam a22002177a 4500 | ||
|---|---|---|---|
| 999 |
_c329885 _d329885 |
||
| 001 | 3412443 | ||
| 003 | NUST | ||
| 005 | 20170614141507.0 | ||
| 008 | 911008s1989 pk 000 0 pan | ||
| 010 | _a 89933206 | ||
| 040 |
_aDLC _cDLC _dDLC |
||
| 050 | 0 | 0 | _aMLCSA 92/01730 (P) |
| 082 |
_a891.427 _bQUD |
||
| 100 | 1 |
_aBāno Qudsiyah, _d1928-2017. _91163 |
|
| 245 | 1 | 0 |
_aSadhrān̲ / _cBāno Qudsiyah. |
| 260 |
_aLāhore : _bSang-e- Meel Publishers, _c1989. |
||
| 300 |
_a227 p. ; _c22 cm. |
||
| 500 | _aPlay. | ||
| 500 | _aIn Panjabi (Arabic script) | ||
| 546 | _aIn Punjabi | ||
| 650 |
_aPunjabi Darama _91490 |
||
| 880 |
_aسدھراں _6245-02\(3\r _cبانو قدسیہ |
||
| 880 |
_aبانو قدسیہ _6100-01\(3\r |
||
| 880 |
_aلاہور: _6260-03\(3\r _bسنگ میل پبلی کیشنز، _c2002 |
||
| 906 |
_a7 _bcbc _corignew _du _encip _f19 _gy-gencatlg |
||
| 942 |
_2ddc _cBK |
||